|
|
|
|
| LEADER |
00641nab a2200181 i 4500 |
| 001 |
misc28136 |
| 005 |
20191111110337.0 |
| 008 |
170919s1968 hu o 0|| zxx d |
| 040 |
|
|
|a SZTE Miscellanea Repozitórium
|b hun
|
| 041 |
|
|
|a zxx
|
| 100 |
1 |
|
|a Takáts László
|
| 245 |
1 |
0 |
|a Malignant lymphomas occurring in marital partners
|h [elektronikus dokumentum] :
|b case reports on two couples /
|c Takáts László
|
| 260 |
|
|
|c 1968
|
| 300 |
|
|
|a 173-175
|
| 490 |
0 |
|
|a Kolligátum
|
| 695 |
|
|
|a Rákbetegség, Nyirokrendszer betegségei
|
| 700 |
0 |
1 |
|a Csapó Zsolt
|e aut
|
| 856 |
4 |
0 |
|u http://misc.bibl.u-szeged.hu/28136/1/019_023_173-175.pdf
|z Dokumentum-elérés
|